| 000 | 00899cad a22002295a 4500 | ||
|---|---|---|---|
| 001 | L138113 | ||
| 005 | 20240105162748.0 | ||
| 008 | 070517e20170508xxk f 000 0 eng d | ||
| 035 | _a(Sirsi) u138113 | ||
| 041 | 0 | _aeng | |
| 110 | 2 |
_aRoyal Institution of Chartered Surveyors _94900 |
|
| 245 | 0 | 0 |
_aRules of conduct for firms _h[superseded] |
| 250 | _aversion 6 | ||
| 260 |
_aLondon _bRICS _c2007 (v.6 2017) |
||
| 300 | _a7p. | ||
| 490 | 0 | _aRICS Rules of Conduct | |
| 520 | _aWith effect from 25 April 2007 to 1 Feb 2022. Applied to all firms worldwide. Replaced by the RICS Rules of Conduct published October 2021, effective 2 Feb 2022 (consolidated edition, not a separate one for Firms and Members). | ||
| 650 | 2 | 4 | _aRICS MEMBERSHIP |
| 650 | 2 | 4 | _aRICS RULES OF CONDUCT |
| 690 | _aABOUT RICS-RICS PROFESSIONAL REGULATION AND CONSUMER PROTECTION-RICS RULES OF CONDUCT | ||
| 942 |
_n0 _2ddc |
||
| 999 |
_c107006 _d107006 |
||